Houses of Westeros: The Iron Islands Quiz Stats

 Plays Quiz not verified by Sporcle

Score 0/15 Timer 08:00
1 Play Today
% Correct
Greyjoy
99.7%
Harlaw
91.5%
Botley
71%
Goodbrother
71%
Hoare
61.6%
Drumm
59.4%
Greyiron
57.8%
Farwynd
55.5%
% Correct
Blacktyde
50.5%
Kenning
44.6%
Sunderly
32.7%
Stonehouse
31.9%
Harras Harlaw
30.3%
Sparr
28.7%
Hotho Humpback
28.2%

You're not logged in!

Compare scores with friends on all Sporcle quizzes.
OR
Log In

Show Comments

Extras

Top Quizzes Today


Score Distribution

Your Account Isn't Verified!

In order to create a playlist on Sporcle, you need to verify the email address you used during registration. Go to your Sporcle Settings to finish the process.

Report this User

Report this user for behavior that violates our Community Guidelines.

Details: